[Event "Madrid ch Veteranos 2015-2016"]
[Site "Madrid ESP"]
[Date "2016.01.19"]
[Round "7.9"]
[White "Campos Calvo-Sotelo, Juan"]
[Black "Garcia Gutierrez, Jose"]
[Result "0-1"]
[WhiteElo "1849"]
[BlackElo "1907"]
[PlyCount "70"]
[EventDate "2016.01.11"]
[EventType "swiss"]
[EventRounds "9"]
[EventCountry "ESP"]
[Source "lmi"]
[SourceDate "2016.01.11"]

1. b4 e5 2. a3 Nf6 3. e3 Be7 4. c4 O-O 5. Bb2 d6 6. Nc3 c6 7. Nf3 Bg4 8. h3
Bxf3 9. gxf3 d5 10. Qc2 Nbd7 11. Rg1 d4 12. Ne4 Nxe4 13. fxe4 c5 14. b5 a6 15.
a4 axb5 16. cxb5 Qa5 17. Bc4 Nb6 18. Ke2 Qb4 19. d3 Rxa4 20. exd4 exd4 21. Rab1
Qa5 22. Bb3 Rb4 23. Qd2 Kh8 24. Bc4 Nxc4 25. dxc4 Qa2 26. e5 Qxc4+ 27. Ke1 Qd5
28. Qf4 d3 29. Qg3 Qe4+ 30. Kf1 Qe2+ 31. Kg2 Rxb2 32. Rbe1 Qh5 33. Qxd3 Bh4 34.
Ref1 Qxe5 35. Kh1 Rd8 0-1

[Event "Madrid ch Veteranos 2015-2016"]
[Site "Madrid ESP"]
[Date "2016.01.19"]
[Round "7.10"]
[White "Caballero Cuno, Jose Domingo"]
[Black "Martin Rodriguez, Emilio"]
[Result "0-1"]
[WhiteElo "1914"]
[BlackElo "2142"]
[PlyCount "62"]
[EventDate "2016.01.11"]
[EventType "swiss"]
[EventRounds "9"]
[EventCountry "ESP"]
[Source "lmi"]
[SourceDate "2016.01.11"]

1. e4 c6 2. d4 d5 3. e5 c5 4. dxc5 e6 5. Be3 Ne7 6. c3 Nf5 7. Bd4 Nxd4 8. cxd4
b6 9. b4 Bd7 10. Nc3 Be7 11. Nf3 O-O 12. Bd3 bxc5 13. bxc5 Nc6 14. O-O Qa5 15.
Qd2 f6 16. Rfe1 fxe5 17. Nxe5 Nxe5 18. Rxe5 g6 19. Re2 Bg5 20. Qc2 Bf6 21. Rd1
Bxd4 22. Nxd5 Ba4 23. Ne7+ Kg7 24. Qd2 Qxd2 25. Rdxd2 Bc3 26. Rc2 Bf6 27. Nxg6
Bxc2 28. Nxf8 Bxd3 29. Nxe6+ Kf7 30. Rd2 Bc4 31. Nf4 Rd8 0-1

[Event "Madrid ch Veteranos 2015-2016"]
[Site "Madrid ESP"]
[Date "2016.01.19"]
[Round "7.11"]
[White "Losada Gonzalez, Andres"]
[Black "Serrano Baylin, Francisco"]
[Result "0-1"]
[WhiteElo "1789"]
[BlackElo "1988"]
[PlyCount "78"]
[EventDate "2016.01.11"]
[EventType "swiss"]
[EventRounds "9"]
[EventCountry "ESP"]
[Source "lmi"]
[SourceDate "2016.01.11"]

1. e4 Nf6 2. d3 c5 3. f4 d6 4. Nf3 e6 5. Be2 Be7 6. O-O Nc6 7. c3 O-O 8. h3 Qc7
9. g4 c4 10. Nbd2 cxd3 11. Bxd3 b6 12. Nb3 e5 13. f5 d5 14. Nbd2 Rd8 15. Qe2
Bb7 16. exd5 Nxd5 17. Ne4 f6 18. Nh4 Nf4 19. Bxf4 exf4 20. Nf3 Ne5 21. Nxe5
Qxe5 22. Rae1 Kh8 23. Qc2 Qd5 24. Rf3 Bc5+ 25. Kg2 Be3 26. Rfxe3 fxe3 27. Rxe3
Re8 28. Qe2 Rad8 29. Bc4 Qe5 30. Be6 Bd5 31. Bxd5 Qxd5 32. c4 Qd4 33. Kf3 Re5
34. Nc3 Rxe3+ 35. Qxe3 Qxc4 36. Qe7 Qf1+ 37. Ke3 Qxh3+ 38. Kf4 Qf1+ 39. Ke3
Rd3+ 0-1

[Event "Madrid ch Veteranos 2015-2016"]
[Site "Madrid ESP"]
[Date "2016.01.19"]
[Round "7.12"]
[White "Pashov, Spas Nikolov"]
[Black "Marcos Herrero, Francisco"]
[Result "1-0"]
[WhiteElo "1722"]
[BlackElo "1982"]
[PlyCount "89"]
[EventDate "2016.01.11"]
[EventType "swiss"]
[EventRounds "9"]
[EventCountry "ESP"]
[Source "lmi"]
[SourceDate "2016.01.11"]

1. e4 c5 2. Nf3 g6 3. d4 cxd4 4. Nxd4 Nc6 5. Nc3 Bg7 6. Be3 Nf6 7. Be2 O-O 8.
Qd2 d5 9. exd5 Nxd5 10. Nxc6 bxc6 11. Bd4 e5 12. Bc5 Re8 13. O-O Bf5 14. g4
Nxc3 15. Qxc3 Be6 16. Qe3 Qa5 17. c3 Red8 18. h3 Rd7 19. a4 Rad8 20. b4 Qc7 21.
a5 f5 22. f4 e4 23. Rad1 Bb3 24. Rxd7 Rxd7 25. Rb1 Be6 26. Rd1 Rxd1+ 27. Bxd1
a6 28. Be2 Bc8 29. Qd2 h6 30. Kg2 Kh7 31. Bd4 Qd6 32. Qe3 Bxd4 33. Qxd4 Qxd4
34. cxd4 Kg7 35. h4 fxg4 36. Kf2 Kf6 37. Ke3 Kf5 38. Bf1 Bb7 39. Bg2 c5 40.
bxc5 h5 41. Bf1 Ke6 42. Bc4+ Kf5 43. d5 g3 44. c6 Bc8 45. d6 1-0

[Event "Madrid ch Veteranos 2015-2016"]
[Site "Madrid ESP"]
[Date "2016.01.19"]
[Round "7.13"]
[White "Martin Martin, Luis Vicente"]
[Black "Perez Cristobal, Alberto"]
[Result "1-0"]
[WhiteElo "1967"]
[BlackElo "1612"]
[PlyCount "91"]
[EventDate "2016.01.11"]
[EventType "swiss"]
[EventRounds "9"]
[EventCountry "ESP"]
[Source "lmi"]
[SourceDate "2016.01.11"]

1. e4 e6 2. d4 d5 3. Nd2 dxe4 4. Nxe4 Nd7 5. Bd3 Ngf6 6. Qe2 Nxe4 7. Bxe4 Nf6
8. Bxb7 Rb8 9. Bxc8 Qxc8 10. Nf3 c5 11. O-O cxd4 12. Nxd4 Be7 13. c4 O-O 14. b3
Rd8 15. Bb2 Bc5 16. Nf3 Ne8 17. Rad1 Rb7 18. Rxd8 Qxd8 19. Rd1 Rd7 20. Rxd7
Qxd7 21. Qd2 Qxd2 22. Nxd2 Nd6 23. Kf1 f6 24. Ke2 Kf7 25. Bc3 a6 26. b4 Ba7 27.
c5 Nb5 28. Kd3 Nxc3 29. Kxc3 Ke7 30. Kc4 Kd7 31. a4 Bb8 32. g3 f5 33. b5 axb5+
34. axb5 g5 35. Nb3 e5 36. Kd5 f4 37. Na5 fxg3 38. fxg3 e4 39. Kxe4 h5 40. b6
h4 41. c6+ Kc8 42. c7 Bxc7 43. bxc7 hxg3 44. hxg3 Kxc7 45. g4 Kd7 46. Kf5 1-0

[Event "Madrid ch Veteranos 2015-2016"]
[Site "Madrid ESP"]
[Date "2016.01.19"]
[Round "7.14"]
[White "Sotoca Aguado, Jose"]
[Black "Rodriguez Bernal, Herman"]
[Result "0-1"]
[WhiteElo "1952"]
[BlackElo "1768"]
[PlyCount "120"]
[EventDate "2016.01.11"]
[EventType "swiss"]
[EventRounds "9"]
[EventCountry "ESP"]
[Source "lmi"]
[SourceDate "2016.01.11"]

1. d4 g6 2. e4 d6 3. Nf3 Bg7 4. Be2 Nf6 5. Nc3 O-O 6. O-O Nbd7 7. h3 e5 8. Bg5
h6 9. Be3 Re8 10. dxe5 dxe5 11. Bc4 c6 12. Qd2 Nb6 13. Qxd8 Rxd8 14. Bb3 Re8
15. Rad1 Be6 16. Bxe6 Rxe6 17. b3 Bf8 18. a4 Nbd7 19. Nh2 Nc5 20. f3 Ncd7 21.
Na2 Bc5 22. Bxc5 Nxc5 23. Rd2 a5 24. Rfd1 Kf8 25. Nf1 Ree8 26. Ne3 Ke7 27. Nc4
b5 28. Nxe5 bxa4 29. Nxc6+ Kf8 30. bxa4 Nxa4 31. Rd6 Nh5 32. R1d5 Rec8 33. c4
Nf4 34. Rxa5 Rxa5 35. Nxa5 Ra8 36. Nc6 Nb2 37. Rd8+ Rxd8 38. Nxd8 Nxc4 39. Kf2
Nd3+ 40. Kg3 Na5 41. Nc3 Ke8 42. Nxf7 Kxf7 43. h4 Nc4 44. Nd5 Nd6 45. Kg4 Ne1
46. Nf4 Nc4 47. Kg3 Ne5 48. h5 g5 49. Nd5 N1d3 50. f4 gxf4+ 51. Nxf4 Nxf4 52.
Kxf4 Kf6 53. g3 Nf7 54. g4 Ng5 55. Kg3 Ke5 56. Kh4 Nxe4 57. Kh3 Kf4 58. Kh4 Nf6
59. Kh3 Nxg4 60. Kh4 Nf6 0-1

[Event "Madrid ch Veteranos 2015-2016"]
[Site "Madrid ESP"]
[Date "2016.01.19"]
[Round "7.15"]
[White "Canseco Arenas, Alfonso"]
[Black "Perez Cameselle, Francisco Jose"]
[Result "1/2-1/2"]
[WhiteElo "1690"]
[BlackElo "1917"]
[PlyCount "120"]
[EventDate "2016.01.11"]
[EventType "swiss"]
[EventRounds "9"]
[EventCountry "ESP"]
[Source "lmi"]
[SourceDate "2016.01.11"]

1. a3 Nf6 2. c4 g6 3. Nc3 Bg7 4. e4 d6 5. d4 Nbd7 6. f4 O-O 7. Nf3 c5 8. d5 a6
9. Be2 Qc7 10. O-O e6 11. Bd2 exd5 12. cxd5 b5 13. Rc1 Re8 14. Qc2 b4 15. axb4
cxb4 16. Na4 Qxc2 17. Rxc2 Nxe4 18. Bxb4 Ndc5 19. Bxc5 Nxc5 20. Nxc5 dxc5 21.
Bc4 Bf5 22. Rd2 Re4 23. b3 Rxf4 24. d6 Be6 25. Bxe6 fxe6 26. Re2 Bd4+ 27. Kh1
e5 28. Rd1 Rd8 29. Nxe5 Rxd6 30. g3 Rf8 31. Nc4 Rdf6 32. Rd3 Rf1+ 33. Kg2 R1f2+
34. Rxf2 Rxf2+ 35. Kh3 Kf7 36. Nd6+ Ke7 37. Ne4 Rb2 38. Ng5 h6 39. Nf3 Ke6 40.
Nxd4+ cxd4 41. Rxd4 Rxb3 42. Ra4 Rb6 43. Kg4 Kd5 44. h4 Kc5 45. Kf3 Rb3+ 46.
Kg2 Kb5 47. Rg4 g5 48. hxg5 hxg5 49. Rxg5+ Kb4 50. Rf5 a5 51. g4 a4 52. Rf4+
Kb5 53. Rf5+ Kb4 54. Rf4+ Ka3 55. g5 Rb4 56. Rf3+ Kb2 57. Rf2+ Kb3 58. Rf3+ Kb2
59. Rf2+ Kc3 60. Rf3+ Kb2 1/2-1/2

[Event "Madrid ch Veteranos 2015-2016"]
[Site "Madrid ESP"]
[Date "2016.01.19"]
[Round "7.16"]
[White "Rodriguez Bachiller, Luis"]
[Black "Fernandez Garcia, Ignacio"]
[Result "0-1"]
[WhiteElo "1660"]
[BlackElo "1875"]
[PlyCount "94"]
[EventDate "2016.01.11"]
[EventType "swiss"]
[EventRounds "9"]
[EventCountry "ESP"]
[Source "lmi"]
[SourceDate "2016.01.11"]

1. e4 d6 2. d4 g6 3. Nf3 Bg7 4. Bc4 Nf6 5. Nbd2 O-O 6. O-O Nc6 7. c3 e5 8. h3
exd4 9. cxd4 Nd7 10. Nb3 a6 11. Bg5 Qe8 12. Qc2 Nb4 13. Qc3 c5 14. a3 Nc6 15.
Qd3 b5 16. Bxf7+ Qxf7 17. dxc5 dxc5 18. Qc2 c4 19. Nbd2 Nde5 20. Rab1 Bb7 21.
Be3 h6 22. Nxe5 Nxe5 23. f3 Rfd8 24. Rfd1 Rd3 25. Nf1 Rad8 26. Rxd3 Rxd3 27.
Rd1 Qd7 28. Rxd3 Qxd3 29. Qc1 Kh7 30. Bf2 Nc6 31. Kh2 Be5+ 32. Bg3 Bxg3+ 33.
Kxg3 Nd4 34. Qd2 Bxe4 35. Qxd3 Bxd3 36. Nd2 g5 37. Kf2 Nb3 38. Nxb3 cxb3 39.
Ke3 Bc4 40. g3 a5 41. f4 gxf4+ 42. Kxf4 Kg6 43. Ke5 a4 44. Kd4 Kg5 45. Ke3 Bf1
46. h4+ Kg4 47. Kf2 Bh3 0-1

[Event "Madrid ch Veteranos 2015-2016"]
[Site "Madrid ESP"]
[Date "2016.01.19"]
[Round "7.17"]
[White "Camarero Izquierdo, Juan Carlos"]
[Black "Martinez Miura, Enrique"]
[Result "0-1"]
[WhiteElo "1861"]
[BlackElo "1646"]
[PlyCount "82"]
[EventDate "2016.01.11"]
[EventType "swiss"]
[EventRounds "9"]
[EventCountry "ESP"]
[Source "lmi"]
[SourceDate "2016.01.11"]

1. d4 d5 2. Nc3 Nf6 3. Bg5 e6 4. e4 dxe4 5. Nxe4 Be7 6. Bxf6 Bxf6 7. Nf3 O-O 8.
Qd3 Nc6 9. O-O-O g6 10. Kb1 Bg7 11. h4 Nb4 12. Qd2 a5 13. a3 Nd5 14. h5 Nf6 15.
Ng3 Bd7 16. hxg6 fxg6 17. Ng5 b5 18. Re1 b4 19. axb4 axb4 20. Bc4 Qb8 21. Nxe6
Bxe6 22. Rxe6 Kh8 23. f4 Ra5 24. Re5 Ra7 25. Qe2 Qa8 26. Kc1 Ra1+ 27. Kd2 Rxh1
28. Nxh1 Qa1 29. Nf2 Qxb2 30. Qe3 Rd8 31. d5 c6 32. Qb6 Qc3+ 33. Kd1 Ra8 34.
Nd3 Qxc4 35. dxc6 Ra1+ 36. Kd2 h5 37. c7 Kh7 38. Rc5 Ne4+ 39. Ke2 Nxc5 40. c8=Q
Qxc2+ 41. Kf3 Qxd3+ 0-1

[Event "Madrid ch Veteranos 2015-2016"]
[Site "Madrid ESP"]
[Date "2016.01.19"]
[Round "7.18"]
[White "Fernandez Bujarrabal, Pedro V"]
[Black "Lopez Peral, Enrique"]
[Result "0-1"]
[WhiteElo "1582"]
[BlackElo "1827"]
[PlyCount "134"]
[EventDate "2016.01.11"]
[EventType "swiss"]
[EventRounds "9"]
[EventCountry "ESP"]
[Source "lmi"]
[SourceDate "2016.01.11"]

1. e4 c5 2. Nf3 Nc6 3. d4 cxd4 4. Nxd4 g6 5. Nc3 Bg7 6. Be3 Qa5 7. Qd2 Qb4 8.
Nxc6 Qxb2 9. Rb1 Bxc3 10. Rxb2 Bxd2+ 11. Bxd2 dxc6 12. Bc3 Nf6 13. f3 O-O 14.
a4 b6 15. Bd3 Rd8 16. Ke2 Nd7 17. Bb4 Kf8 18. h4 Ne5 19. h5 g5 20. Bc3 Nxd3 21.
cxd3 Ba6 22. Rd2 Rd7 23. Ke3 Rad8 24. Rhd1 c5 25. d4 cxd4+ 26. Rxd4 Rxd4 27.
Rxd4 Rc8 28. Kd2 Ke8 29. g3 Rc4 30. f4 gxf4 31. gxf4 Rc6 32. Rd5 Re6 33. Be5 f6
34. Bb8 Rxe4 35. Bxa7 Rxa4 36. Bxb6 Rxf4 37. Rd8+ Kf7 38. Be3 Re4 39. h6 Rxe3
40. Kxe3 Kg6 41. Rg8+ Kxh6 42. Kf4 Bc4 43. Rg1 e6 44. Rg3 Ba2 45. Rg1 Bb3 46.
Rg2 Bd1 47. Rg8 Bc2 48. Rf8 Kg7 49. Rc8 Bf5 50. Rc7+ Kg6 51. Rb7 e5+ 52. Ke3 h5
53. Rb8 h4 54. Rh8 h3 55. Rg8+ Kf7 56. Rg1 Bd7 57. Rh1 f5 58. Kf2 f4 59. Rh2 e4
60. Rh1 Kf6 61. Rh2 Ke5 62. Ke2 Bg4+ 63. Kf2 e3+ 64. Ke1 f3 65. Kf1 Kf4 66. Ke1
Kg3 67. Rh1 f2+ 0-1

[Event "Madrid ch Veteranos 2015-2016"]
[Site "Madrid ESP"]
[Date "2016.01.19"]
[Round "7.19"]
[White "Serrano Garcia, Vicente"]
[Black "Salgado Duarte, Pablo"]
[Result "1-0"]
[WhiteElo "1802"]
[BlackElo "1518"]
[PlyCount "85"]
[EventDate "2016.01.11"]
[EventType "swiss"]
[EventRounds "9"]
[EventCountry "ESP"]
[Source "lmi"]
[SourceDate "2016.01.11"]

1. d4 d5 2. Nf3 Nf6 3. Bg5 e6 4. e3 Be7 5. Bd3 Nc6 6. c3 h6 7. Bh4 Bd7 8. Nbd2
O-O 9. Ne5 a6 10. a4 Be8 11. O-O Nxe5 12. dxe5 Nd7 13. Bxe7 Qxe7 14. f4 Nc5 15.
Bc2 b5 16. a5 Nb7 17. Qg4 f5 18. exf6 Qxf6 19. Nf3 Nd6 20. Nd4 Bd7 21. Rae1
Rad8 22. Qg3 Nc4 23. b4 Rc8 24. e4 dxe4 25. Bxe4 Nd2 26. Rf2 Nxe4 27. Rxe4 c5
28. bxc5 Rxc5 29. Qe3 Rh5 30. Nxe6 Rc8 31. Nd4 Rc4 32. Re8+ Kf7 33. Rb8 Rhc5
34. Rb7 Qd6 35. Rb6 Qd5 36. Re2 Rxc3 37. Qe7+ Kg8 38. Rd6 Rc1+ 39. Kf2 Qh5 40.
Rxd7 Qg4 41. Rd8+ Kh7 42. Qe4+ Qg6 43. Rh8+ 1-0

[Event "Madrid ch Veteranos 2015-2016"]
[Site "Madrid ESP"]
[Date "2016.01.19"]
[Round "7.20"]
[White "Benitez Cadenas, Luis Miguel"]
[Black "Martinez Carrasco, Jesus"]
[Result "0-1"]
[WhiteElo "1681"]
[BlackElo "1561"]
[PlyCount "66"]
[EventDate "2016.01.11"]
[EventType "swiss"]
[EventRounds "9"]
[EventCountry "ESP"]
[Source "lmi"]
[SourceDate "2016.01.11"]

1. d4 Nf6 2. Nf3 g6 3. Nbd2 d5 4. e3 Bg7 5. Bd3 O-O 6. O-O b6 7. Re1 Ba6 8.
Bxa6 Nxa6 9. Qe2 Nb4 10. Qd1 c5 11. dxc5 bxc5 12. Nb3 Qc7 13. c3 Na6 14. Qe2 c4
15. Nbd4 Nc5 16. b4 Nd3 17. Rd1 Ng4 18. Rf1 e5 19. h3 exd4 20. hxg4 dxe3 21.
Bxe3 Bxc3 22. Rab1 Nxb4 23. Rxb4 Bxb4 24. Qb2 Rfb8 25. Qf6 Be7 26. Qd4 Rd8 27.
Bd2 Bc5 28. Qf6 Qd6 29. Qg5 d4 30. Bf4 Qe7 31. Qh6 Qf8 32. Qg5 Rac8 33. Nh4 Be7
0-1

[Event "Madrid ch Veteranos 2015-2016"]
[Site "Madrid ESP"]
[Date "2016.01.19"]
[Round "7.21"]
[White "Osorio Ramos, Francisco"]
[Black "Calderon Martin, Antonio"]
[Result "1-0"]
[WhiteElo "1834"]
[BlackElo "1679"]
[PlyCount "82"]
[EventDate "2016.01.11"]
[EventType "swiss"]
[EventRounds "9"]
[EventCountry "ESP"]
[Source "lmi"]
[SourceDate "2016.01.11"]

1. d4 Nf6 2. c4 e5 3. dxe5 Ng4 4. Bf4 Nc6 5. Nf3 Bb4+ 6. Nbd2 Qe7 7. e3 Ngxe5
8. Nxe5 Nxe5 9. Be2 d6 10. O-O Bxd2 11. Qxd2 O-O 12. Rfd1 Be6 13. c5 Rfd8 14.
Qc3 Ng6 15. cxd6 cxd6 16. Bg3 Rac8 17. Qb4 d5 18. Qd4 Qc5 19. Qxc5 Rxc5 20.
Rac1 Rdc8 21. Rxc5 Rxc5 22. Bf3 h6 23. h4 Rc2 24. h5 Ne7 25. Be5 Rc4 26. Be2
Ra4 27. a3 a6 28. Rc1 Nc6 29. Bd6 a5 30. b3 Rh4 31. Bg3 Re4 32. Bf3 Rg4 33.
Bxg4 Bxg4 34. Rc5 Be6 35. Rb5 d4 36. exd4 Nxd4 37. Rxb7 Nxb3 38. Ra7 Kh7 39.
Bc7 Nd4 40. Rxa5 Ne2+ 41. Kh2 Nf4 1-0

[Event "Madrid ch Veteranos 2015-2016"]
[Site "Madrid ESP"]
[Date "2016.01.19"]
[Round "7.22"]
[White "Romero Jaime, Pedro"]
[Black "Garcia Martin, Esteban"]
[Result "0-1"]
[WhiteElo "1553"]
[BlackElo "1894"]
[PlyCount "48"]
[EventDate "2016.01.11"]
[EventType "swiss"]
[EventRounds "9"]
[EventCountry "ESP"]
[Source "lmi"]
[SourceDate "2016.01.11"]

1. d4 b6 2. c4 Bb7 3. f3 e6 4. e4 d5 5. e5 c5 6. Be3 cxd4 7. Bxd4 Nc6 8. Qa4
dxc4 9. Ne2 a6 10. Bc3 b5 11. Qc2 Nge7 12. f4 Nf5 13. Qd2 Qb6 14. b3 b4 15. Bb2
c3 16. Nbxc3 bxc3 17. Nxc3 Rd8 18. Qc1 Bb4 19. Be2 Ncd4 20. Bf1 O-O 21. h4 Ne3
22. Bd3 Ndf5 23. Bxf5 exf5 24. Rh3 Rd1+ 0-1

[Event "Madrid ch Veteranos 2015-2016"]
[Site "Madrid ESP"]
[Date "2016.01.19"]
[Round "7.24"]
[White "Corredor Gonzalez, Angel L"]
[Black "Suarez Mencia, Roberto"]
[Result "0-1"]
[WhiteElo "1780"]
[BlackElo "1454"]
[PlyCount "66"]
[EventDate "2016.01.11"]
[EventType "swiss"]
[EventRounds "9"]
[EventCountry "ESP"]
[Source "lmi"]
[SourceDate "2016.01.11"]

1. e4 c5 2. Nc3 Nc6 3. f4 e5 4. fxe5 Nxe5 5. Nf3 Ng6 6. Bc4 Be7 7. O-O d6 8. d3
Rb8 9. Qe1 Nf6 10. Nd5 O-O 11. Nxe7+ Qxe7 12. Qc3 Kh8 13. Bg5 h6 14. Bxf6 gxf6
15. Nd2 Ne5 16. Nf3 Rg8 17. Nh4 Kh7 18. Nf5 Bxf5 19. Rxf5 Rg5 20. Raf1 Rxf5 21.
Rxf5 Rg8 22. Bd5 b6 23. Qd2 Rg5 24. Rf1 a6 25. Qf4 Rg6 26. Qf5 b5 27. Qc8 a5
28. Qa6 Ng4 29. Rf3 Qe5 30. g3 Qd4+ 31. Kg2 Qxb2 32. Bb3 Qc1 33. Rf1 Ne3+ 0-1

[Event "Madrid ch Veteranos 2015-2016"]
[Site "Madrid ESP"]
[Date "2016.01.19"]
[Round "7.25"]
[White "Perez Gonzalez, Jesus Miguel"]
[Black "Abad Martin Camunas, Luis"]
[Result "1-0"]
[WhiteElo "1706"]
[BlackElo "1413"]
[PlyCount "63"]
[EventDate "2016.01.11"]
[EventType "swiss"]
[EventRounds "9"]
[EventCountry "ESP"]
[Source "lmi"]
[SourceDate "2016.01.11"]

1. g3 e5 2. Bg2 d5 3. d3 c6 4. Nf3 Bd6 5. O-O Nf6 6. Bg5 h6 7. Bd2 Be6 8. Re1
O-O 9. e4 d4 10. c4 c5 11. a3 Nc6 12. h3 Qd7 13. Kh2 Rab8 14. a4 a6 15. Na3 Nb4
16. Qb3 b5 17. axb5 axb5 18. Rec1 bxc4 19. Nxc4 Bxc4 20. Qxc4 Nc6 21. Ra2 Ra8
22. Rca1 Rxa2 23. Rxa2 Rb8 24. Nh4 Ne7 25. Qa6 Ne8 26. f4 exf4 27. gxf4 g5 28.
e5 gxh4 29. exd6 Qxd6 30. Qc4 Ng6 31. Ra7 Qf6 32. Rxf7 1-0

[Event "Madrid ch Veteranos 2015-2016"]
[Site "Madrid ESP"]
[Date "2016.01.19"]
[Round "7.27"]
[White "Ramos Antona, Enrique"]
[Black "Navarro Corredor, Angel"]
[Result "1-0"]
[WhiteElo "1585"]
[BlackElo "1395"]
[PlyCount "137"]
[EventDate "2016.01.11"]
[EventType "swiss"]
[EventRounds "9"]
[EventCountry "ESP"]
[Source "lmi"]
[SourceDate "2016.01.11"]

1. d4 d5 2. c4 dxc4 3. Nf3 Nf6 4. Nc3 e6 5. Qa4+ Qd7 6. Qxc4 Be7 7. Ne5 Qd8 8.
Bg5 c6 9. e3 O-O 10. Qb3 Nbd7 11. Rd1 Nb6 12. Bd3 Nfd5 13. Bxe7 Qxe7 14. a3
Nxc3 15. bxc3 Nd5 16. O-O Nf6 17. Rb1 c5 18. Rfc1 b6 19. Qb5 cxd4 20. cxd4 Qxa3
21. Qc6 Rb8 22. Ra1 Qe7 23. Qa4 Ra8 24. Nc6 Qd7 25. Bb5 a6 26. Ne5 Qd6 27. Rc6
Qb8 28. Rc3 Bb7 29. Bc6 b5 30. Qa5 Bxc6 31. Rxc6 b4 32. Rb6 Qc7 33. Qxb4 Nd5
34. Rb7 Qc3 35. Qxc3 Nxc3 36. Nc6 Nb5 37. Rb6 Nc7 38. Kf1 Nd5 39. Rbxa6 Rxa6
40. Rxa6 Rc8 41. Ke2 Kf8 42. Ne5 Ne7 43. Kd3 Nd5 44. Ra7 Rc7 45. Rxc7 Nxc7 46.
e4 Ke7 47. Kc4 f6 48. Nd3 Kd6 49. f4 f5 50. exf5 exf5 51. Ne5 Nd5 52. g3 Ne3+
53. Kd3 Nf1 54. Nf3 h6 55. Ke2 Nxh2 56. Nxh2 g5 57. fxg5 hxg5 58. Nf3 Kd5 59.
Kd3 g4 60. Nh4 Ke6 61. Ke3 Kf6 62. Kf4 Ke6 63. Nxf5 Kf7 64. Kxg4 Kg6 65. Kf4
Kf6 66. d5 Kf7 67. d6 Kg6 68. d7 Kf7 69. d8=Q 1-0

[Event "Madrid ch Veteranos 2015-2016"]
[Site "Madrid ESP"]
[Date "2016.01.19"]
[Round "7.28"]
[White "Arroyo Fraile, Mario"]
[Black "Perez Nuñez Castillo, Jose Antonio"]
[Result "1-0"]
[WhiteElo "1530"]
[BlackElo "1601"]
[PlyCount "67"]
[EventDate "2016.01.11"]
[EventType "swiss"]
[EventRounds "9"]
[EventCountry "ESP"]
[Source "lmi"]
[SourceDate "2016.01.11"]

1. c4 f5 2. Nc3 Nf6 3. g3 e6 4. Bg2 c6 5. d3 Be7 6. e4 fxe4 7. dxe4 e5 8. Nf3
d6 9. O-O O-O 10. b3 h6 11. Nh4 Qe8 12. a4 a6 13. a5 Bg4 14. f3 Bh5 15. Nf5 Qd8
16. Be3 c5 17. Qd2 Rf7 18. Bh3 Kh8 19. Nd5 Nxd5 20. cxd5 Bg6 21. Nxe7 Rxe7 22.
Be6 Nd7 23. Bxh6 gxh6 24. Qxh6+ Bh7 25. Bf5 Nf8 26. Qf6+ Rg7 27. Qh6 Kg8 28.
Qh3 Qf6 29. Rab1 Bxf5 30. Qxf5 Qxf5 31. exf5 Nd7 32. g4 Nf6 33. Rbd1 Nxd5 34.
Rxd5 1-0

[Event "Madrid ch Veteranos 2015-2016"]
[Site "Madrid ESP"]
[Date "2016.01.19"]
[Round "7.29"]
[White "Cortijo Manso, Luis"]
[Black "Folgar Lopez, Angel"]
[Result "1-0"]
[WhiteElo "1508"]
[BlackElo "1550"]
[PlyCount "91"]
[EventDate "2016.01.11"]
[EventType "swiss"]
[EventRounds "9"]
[EventCountry "ESP"]
[Source "lmi"]
[SourceDate "2016.01.11"]

1. Nf3 Nf6 2. d4 d5 3. g3 Bg4 4. Bg2 Bxf3 5. Bxf3 c6 6. O-O g6 7. Nd2 Bg7 8. c4
O-O 9. e3 e6 10. b3 Nbd7 11. cxd5 exd5 12. Bb2 Re8 13. Qc2 Qe7 14. a4 Ne4 15.
Ba3 Qe6 16. Rad1 Ndf6 17. Bg2 Nxd2 18. Qxd2 Ne4 19. Qc2 Qf6 20. Bb2 Re6 21. a5
a6 22. Ba3 Rae8 23. Bh3 h5 24. Bxe6 fxe6 25. f3 Ng5 26. Qg2 Kf7 27. Bd6 Qd8 28.
Bf4 Nh7 29. b4 g5 30. Be5 Bxe5 31. dxe5 Ke7 32. Qc2 Rh8 33. Qg6 Qf8 34. Qc2 Qg7
35. Qc5+ Kf7 36. Qd6 Re8 37. f4 h4 38. fxg5+ Kg8 39. gxh4 Nf8 40. Rf6 Ng6 41.
Rxe6 Rxe6 42. Qxe6+ Kh7 43. Rf1 Nxe5 44. Rf5 Ng4 45. Rf7 Nxe3 46. Rxg7+ 1-0

[Event "Madrid ch Veteranos 2015-2016"]
[Site "Madrid ESP"]
[Date "2016.01.19"]
[Round "7.30"]
[White "Rufo Yebra, Benito"]
[Black "Martin Rodriguez, Jose Luis"]
[Result "0-1"]
[WhiteElo "1450"]
[BlackElo "1313"]
[PlyCount "66"]
[EventDate "2016.01.11"]
[EventType "swiss"]
[EventRounds "9"]
[EventCountry "ESP"]
[Source "lmi"]
[SourceDate "2016.01.11"]

1. Nf3 Nf6 2. d4 e6 3. Bg5 Be7 4. Bxf6 Bxf6 5. e4 d6 6. Nc3 Nd7 7. Bb5 c6 8.
Ba4 b5 9. Bb3 Ba6 10. Ne2 c5 11. a3 c4 12. Ba2 Bb7 13. Nc3 a6 14. O-O O-O 15.
Qd2 Re8 16. b3 Nb6 17. Rfe1 Rc8 18. Rad1 Qc7 19. b4 Rcd8 20. Qf4 h6 21. e5 dxe5
22. Nxe5 Bxe5 23. dxe5 Qc6 24. Qg3 Rxd1 25. Rxd1 Qc8 26. Qh3 Rd8 27. Rd6 Rxd6
28. exd6 Qd7 29. Ne2 Nc8 30. c3 Nxd6 31. Bb1 Be4 32. Bxe4 Nxe4 33. Nf4 Qd1# 0-1

[Event "Madrid ch Veteranos 2015-2016"]
[Site "Madrid ESP"]
[Date "2016.01.19"]
[Round "7.31"]
[White "Perez Ramos, Miguel Angel"]
[Black "Sanchez Lucena, Juan"]
[Result "0-1"]
[WhiteElo "1259"]
[BlackElo "1440"]
[PlyCount "122"]
[EventDate "2016.01.11"]
[EventType "swiss"]
[EventRounds "9"]
[EventCountry "ESP"]
[Source "lmi"]
[SourceDate "2016.01.11"]

1. d4 e5 2. e4 h6 3. Nf3 exd4 4. Qxd4 Nc6 5. Qd1 d6 6. Bb5 Bd7 7. c3 a6 8. Bc4
b5 9. Bb3 Nf6 10. O-O Be7 11. Re1 Na5 12. Nbd2 Nxb3 13. Nxb3 O-O 14. Nfd4 Ng4
15. Qf3 Ne5 16. Qg3 Bh4 17. Qe3 Bg5 18. f4 Ng4 19. Qe2 Bh4 20. Rf1 Be7 21. Nd2
Re8 22. N2f3 Nf6 23. e5 dxe5 24. fxe5 Bc5 25. Qd3 Nd5 26. b4 Bb6 27. Kh1 Bxd4
28. Qxd4 Be6 29. Bf4 Nxf4 30. Qxf4 Qe7 31. Nd4 Bd5 32. Rf2 Qxe5 33. Qxe5 Rxe5
34. Raf1 f6 35. Kg1 Rae8 36. Rf5 Bc4 37. Rxe5 Rxe5 38. Rc1 c5 39. Nf3 Rf5 40.
h3 cxb4 41. cxb4 Bxa2 42. Rc8+ Kh7 43. Ra8 Bd5 44. Rxa6 Bxf3 45. gxf3 Rxf3 46.
Kg2 Rf4 47. Kg3 Rxb4 48. Rb6 Kg6 49. h4 Kh5 50. Kf3 Kxh4 51. Ke3 f5 52. Kf3 Kg5
53. Kg3 g6 54. Kg2 h5 55. Kf3 Kh6 56. Ke3 Kg5 57. Kf3 h4 58. Kg2 Kh5 59. Re6
Rb3 60. Re5 b4 61. Rb5 Rb2+ 0-1